banner-ar

PRINCIPLES OF MINERALOGY / (Record no. 10697)

MARC details
000 -الفاتح
حقل البيانات ثابتة الطول 00453nam a2200181Ia 4500
008 - عناصر البيانات ثابتة الطول - معلومات عامة
حقل البيانات ثابتة الطول 140319s9999 xx 000 0 eng d
040 ## - مصدر الفهرسة
وكالة الفهرسة الأصلية GCL /
وكالة النسخ GCL
082 04 - رقم تصنيف ديوى العشرى
رقم التصنيف 549
رقم المادة B P
100 1# - المدخل الرئيسى - إسم شخصى
الإسم الشخصى BLACKBURN, WILLIOM
245 10 - بيان العنوان
العنوان PRINCIPLES OF MINERALOGY /
بيان المسئوليه,etc BLACKBURN, WILLIOM
700 1# - المدخل الاضافى - اسم شخصى
الإسم الشخصى DENNEN, WILLIAM
260 ## - PUBLICATION, DISTRIBUTION, ETC. (IMPRINT)
تاريخ النشر أو التوزيع 1994
300 ## - الوصف المادى
التعداد 413
650 04 - المدخل الاضافى بالموضوع-مصطلح موضوعى
مصطلح موضوعي GEOLOGY
650 04 - المدخل الاضافى بالموضوع-مصطلح موضوعى
مصطلح موضوعي MINERALOGY
942 ## - عناصر المدخل الإضافي( كوها)
مصدر التصنيف او مخطط الترفيف Dewey Decimal Classification
Koha [default] item type كتاب
260 ## - PUBLICATION, DISTRIBUTION, ETC. (IMPRINT)
-- [S.N] :
-- WM . C. BROWN ،
Holdings
حالة التراجع حالة الفقد حالة تلف ليس للاعارة المكان المؤقت الموقع الحالى تاريخ الاكتساب اجمالي اﻻعارات رقم الطلب الباركود تاريخ اخر مشاهدة تاريخ تفعيل السعر نوع وعاء كوها
        مكتبة القاهرة الكبرى مكتبة القاهرة الكبرى 03/26/2014   549\B P 21526 03/26/2014 03/26/2014 كتاب

Powered By

EGPV